000 01303nam a2200289Ia 4500
003 PE SENCICO BE
005 20251020182441.0
008 200515s9999 xx 000 0 und d
020 _a84-95279-27-4
040 _aPE SENCICO BE
_cPE SENCICO BE
041 _aspa
082 _a526.9
_bS21U
100 1 _aSánchez Ríos, Alonso
_93301
_eautor
245 1 0 _aFundamentos teóricos de los métodos topográficos /
_cAlonso Sánchez Ríos
250 _a1a ed.
260 _aMadrid :
_bBellisco Ediciones Técnicas y Científicas,
_c2000
300 _a258 páginas :
_bilustraciones, tablas, gráficos ;
_c24 cm.
490 _aBiblioteca técnica universitaria.
_aGeodesia y topografía ;
_v2
504 0 _aBibliografía: p. 255-258.
505 0 _aSistemas de coordenadas en topografía -- Métodos de agrimensura -- Radiación -- Itinerarios -- Intersecciones inversas -- Intersecciones directas -- Triangulación -- Trilateración topográfico -- Efectos de la curvatura terrestre y de la refracción atmosférica -- Nivelación geométrica o por alturas -- Nivelación trigonométrica o por pendientes
650 1 0 _aTopografía
_94
650 2 0 _aMétodos topográficos
_91235
650 2 0 _aGeodesia
_92
650 2 0 _aPlanimetría
_91232
650 2 0 _aAltimetría
_93228
942 _cLIB
_2ddc
999 _c532
_d532